000 00424nam a2200157Ia 4500
005 20250315100332.0
008 231217s9999 xx 000 0 und d
020 _a9788184040302
082 _a658.4093 LIM;3
100 _aLimoncelli, Thomas A.
245 0 _aTime management for system administrators
260 _c2006
_bSPD
_aBangalore
300 _axxi+201
650 _aTime,management,administrators
942 _cAA
999 _c182661
_d182661